Techniques of Technical Training (Record no. 183165)
[ view plain ]
| 000 -LEADER | |
|---|---|
| fixed length control field | 00745 a2200169 4500 |
| 003 - CONTROL NUMBER IDENTIFIER | |
| control field | Nust |
| 005 - DATE AND TIME OF LATEST TRANSACTION | |
| control field | 20170207153258.0 |
| 040 ## - CATALOGING SOURCE | |
| Transcribing agency | Nust |
| 082 ## - DEWEY DECIMAL CLASSIFICATION NUMBER | |
| Classification number | 607 |
| 100 ## - MAIN ENTRY--PERSONAL NAME | |
| Personal name | H.R.Mills |
| 245 ## - TITLE STATEMENT | |
| Title | Techniques of Technical Training |
| 260 ## - PUBLICATION, DISTRIBUTION, ETC. | |
| Place of publication, distribution, etc. | London |
| Name of publisher, distributor, etc. | Cleaver Hume |
| Date of publication, distribution, etc. | 1953 |
| 505 ## - FORMATTED CONTENTS NOTE | |
| Formatted contents note | 1.the background to training(page 15)2.preparation (page 25)3.presentation (page 44)4.the class(page 64)5.assimilation(page 76)6.testing examinations and progress reporting(page 89)7.learning curves and other experimental results(page 116)8.the various methods of instructions(page 154)9.the use of film in technical training(page 169)10.further training aids(page 179) |
| 538 ## - SYSTEM DETAILS NOTE | |
| System details note | Almirah No.28 Shelf No.2 |
| 600 ## - SUBJECT ADDED ENTRY--PERSONAL NAME | |
| Personal name | H.R.Mills |
| 650 ## - SUBJECT ADDED ENTRY--TOPICAL TERM | |
| Topical term or geographic name entry element | Technical Training |
| 942 ## - ADDED ENTRY ELEMENTS (KOHA) | |
| Source of classification or shelving scheme | |
| Koha item type | Book |
| Withdrawn status | Lost status | Source of classification or shelving scheme | Damaged status | Not for loan | Collection code | Permanent Location | Current Location | Date acquired | Total Checkouts | Full call number | Barcode | Date last seen | Price effective from | Koha item type |
|---|---|---|---|---|---|---|---|---|---|---|---|---|---|---|
| Military College of Signals (MCS) | Military College of Signals (MCS) | 12/12/2016 | 607 MIL | MCS5732 | 12/08/2016 | 12/12/2016 | Book |
